000 00710nam a2200265Ia 4500
003 OSt
005 20220918164507.0
006 a|||||r|||| 00| 0
007 ta
008 220917b |||||||| |||| 00| 0 eng d
020 _a0631204865
024 _a50,320
037 _cTextual
040 _aARTS
_cARTS
_beng
041 _2eng
_aeng
082 _aP111973,9D, N8
100 _aWolfram W
_919155
245 0 _aAmerican English
_bDialects and variation
260 _aMalden
_bBlackwell
_c1998
300 _axvii, 398p.
_ccm.
650 _aLINGUISTICS
700 _a Schilling N
_919156
942 _hP111973,9D, N8
_cTEXL
_2CC
999 _c125011
_d125011